Statistics for Jeppy on Football Logos #1

Click here to take the quiz!

General Stats

  • This quiz has been taken 12,399 times
  • The average score is 11 of 16

Answer Stats

Answer% Correct
Barcelona
99%
Arsenal
97%
Liverpool
95%
Roma
88%
Newcastle United
87%
Atlético Madrid
84%
Olympique Lyonnais
83%
Ajax
80%
RB Leipzig
77%
Benfica
75%
Rangers
69%
Beşiktaş
55%
Copenhagen
47%
New York City
45%
Orlando City
42%
Panathinaikos
25%

Score Distribution

Percentile by Number Answered

Percent of People with Each Score

Your Score History

You have not taken this quiz